| 000 | 00387 a2200157 4500 | ||
|---|---|---|---|
| 001 | 73300 | ||
| 020 | _a8516048705 | ||
| 040 | _cAnchieta - Colégio São Paulo | ||
| 100 | _aSoudant, caroline | ||
| 240 | 1 | 0 |
_aProjeto Pitanguá: Português 4, 5º ano _lpor |
| 245 | 1 | 0 | _aProjeto Pitanguá: Português 4, 5º ano |
| 300 | _a323 | ||
| 362 | 0 | _a2007 | |
| 650 | 4 | _aPortuguês | |
| 942 | _cBK | ||
| 999 |
_c73300 _d73300 |
||